[Event "JAM-ch"]
[Site "Kingston"]
[Date "2018.02.10"]
[Round "7"]
[White "Merritt, Kevin"]
[Black "Brown, Akeem"]
[Result "0-1"]
[WhiteElo "2039"]
[BlackElo "1956"]
[PlyCount "82"]
[EventDate "2018.02.02"]
[EventType "tourn"]
[EventRounds "11"]
[EventCountry "JAM"]
[SourceTitle "CBM 183 Extra"]
[Source "ChessBase"]
[SourceDate "2018.04.19"]
[SourceVersion "1"]
[SourceVersionDate "2018.04.19"]
[SourceQuality "1"]

1. e4 e6 2. d4 d5 3. Nd2 c5 4. dxc5 Nf6 5. exd5 exd5 6. Ngf3 Bxc5 7. Nb3 Bb6 8. Be2 0-0 9. 0-0 Ne4 10. Nbd4 Nd7 11. Nf5 Ndf6 12. N3d4 Nd6 13. Qd3 Nxf5 14. Nxf5 Ne4 15. Qxd5 Nxf2 16. Qxd8 Rxd8 17. Ne7+ Kf8 18. Nxc8 Raxc8 19. c3 Nd3+ 20. Kh1 Nxc1 21. Rfxc1 Rd2 22. Bf3 Rxb2 23. Bxb7 Rc5 24. c4 h5 25. Bd5 Ra5 26. Rab1 Rf2 27. h3 g5 28. Rf1 g4 29. hxg4 hxg4 30. Rxf2 Bxf2 31. g3 Bxg3 32. Rb7 Kg7 33. Bxf7 Kf6 34. Bd5 Rxa2 35. Rf7+ Kg6 36. Rf8 Be5 37. Rg8+ Kf5 38. Rf8+ Kg5 39. Be6 Kh4 40. Rf7 Kg3 41. Kg1 Ra1+ 0-1

[Event "JAM Masters-A"]
[Site "Kingston"]
[Date "2017.09.30"]
[Round "1.2"]
[White "Merritt, Kevin"]
[Black "Brown, Akeem"]
[Result "0-1"]
[WhiteElo "2044"]
[BlackElo "2044"]
[PlyCount "74"]
[EventDate "2017.09.30"]
[EventType "k.o."]
[EventRounds "3"]
[EventCountry "JAM"]
[SourceTitle "CBM 181 Extra"]
[Source "ChessBase"]
[SourceDate "2017.12.12"]
[SourceVersion "1"]
[SourceVersionDate "2017.12.12"]
[SourceQuality "1"]

1. e4 e6 2. d4 d5 3. Nd2 Nf6 4. e5 Nfd7 5. Bd3 c5 6. c3 Be7 7. Ne2 b6 8. f4 Ba6 9. Bxa6 Nxa6 10. 0-0 0-0 11. f5 Nc7 12. fxe6 Nxe6 13. Nf3 cxd4 14. cxd4 Qc7 15. Be3 Rfc8 16. Nc3 Qb7 17. Nd2 Rf8 18. Qf3 Nc7 19. Qg4 Ne6 20. Rf5 Bb4 21. Ne2 f6 22. Rxf6 Nxf6 23. Qxe6+ Kh8 24. exf6 Rae8 25. fxg7+ Qxg7 26. Qh6 Bxd2 27. Bxd2 Rxe2 28. Qxg7+ Kxg7 29. Be1 Rxb2 30. Bg3 Rc8 31. Be5+ Kg8 32. h4 Rcc2 33. g3 Rg2+ 34. Kh1 Rh2+ 35. Kg1 Rbg2+ 36. Kf1 Rh1+ 37. Kxg2 Rxa1 0-1

[Event "Kingston Chan Memorial op"]
[Site "Kingston"]
[Date "2017.09.23"]
[Round "3"]
[White "Barrett, Leighton"]
[Black "Merritt, Kevin"]
[Result "1-0"]
[WhiteElo "1650"]
[BlackElo "2044"]
[PlyCount "65"]
[EventDate "2017.09.21"]
[EventType "swiss"]
[EventRounds "6"]
[EventCountry "JAM"]
[SourceTitle "EXT 2020"]
[Source "ChessBase"]
[SourceDate "2019.10.17"]
[SourceVersion "1"]
[SourceVersionDate "2019.10.17"]
[SourceQuality "1"]

1. e4 e6 2. d4 d5 3. Bd3 c5 4. c3 cxd4 5. cxd4 dxe4 6. Bxe4 Nf6 7. Bc2 Be7 8. Ne2 0-0 9. 0-0 b6 10. Nbc3 Bb7 11. Ng3 Nc6 12. Be3 Nb4 13. a3 Nxc2 14. Qxc2 Nd5 15. Nxd5 Qxd5 16. f3 f5 17. Bf2 Rf6 18. Ne2 Rg6 19. Be3 Bd6 20. Qd2 Ba6 21. Rf2 Rf8 22. Nf4 Bxf4 23. Bxf4 Rc8 24. Be5 Qc4 25. h3 Bb7 26. Re1 Bd5 27. Kh2 h5 28. Qf4 Qd3 29. Qh4 Rc2 30. Qxh5 Rh6 31. Qg5 Rh7 32. Rxc2 Qxc2 33. Rc1 1-0

[Event "JAM-ch 49th"]
[Site "Kingston"]
[Date "2017.01.15"]
[Round "4"]
[White "Merritt, Kevin"]
[Black "Lindo, Terence"]
[Result "0-1"]
[WhiteElo "2014"]
[BlackElo "1681"]
[PlyCount "156"]
[EventDate "2017.01.07"]
[EventType "tourn"]
[EventRounds "11"]
[EventCountry "JAM"]
[SourceTitle "EXT 2020"]
[Source "ChessBase"]
[SourceDate "2019.10.17"]
[SourceVersion "1"]
[SourceVersionDate "2019.10.17"]
[SourceQuality "1"]

1. e4 c5 2. Nf3 Nc6 3. c4 Qc7 4. d4 cxd4 5. Nxd4 g6 6. Nc3 a6 7. Be3 Bg7 8. Qd2 Nf6 9. Be2 0-0 10. 0-0 d6 11. f3 Bd7 12. Rac1 e6 13. Rfd1 Rad8 14. Nc2 Bc8 15. Na4 Qe7 16. Bb6 Rd7 17. b4 d5 18. Bc5 dxe4 19. Bxe7 Rxd2 20. Bxf8 Rxe2 21. Bxg7 Kxg7 22. Nb6 exf3 23. gxf3 Ne5 24. Nd4 Rxa2 25. Nxc8 Nh5 26. Nd6 Nf4 27. Rc2 Ra3 28. Nxb7 Ned3 29. b5 Nh3+ 30. Kf1 e5 31. Ne2 axb5 32. cxb5 Ndf2 33. Rdc1 Rxf3 34. Rc3 Nd3+ 35. Kg2 Ng5 36. Nd6 Rf2+ 37. Kg3 Rf3+ 38. Kg4 h6 39. Ng1 f5+ 40. Nxf5+ gxf5+ 41. Kh4 Rf4+ 42. Kh5 Nxc1 43. Rxc1 Rb4 44. Rc7+ Nf7 45. Rc5 Rb2 46. h3 f4 47. Nf3 e4 48. Nd4 f3 49. Rf5 Nd6 50. Rf4 f2 51. Ne6+ Kh7 52. Nf8+ Kg8 53. Kg6 Rxb5 54. Rxf2 e3 55. Re2 Kxf8 56. Rxe3 Nf7 57. h4 Ne5+ 58. Kh7 Rb7+ 59. Kxh6 Ng4+ 60. Kg6 Nxe3 61. h5 Kg8 62. h6 Rb6+ 63. Kh5 Kh7 64. Kg5 Rb5+ 65. Kf4 Nd5+ 66. Kg5 Ne7+ 67. Kf6 Ng6 68. Kf7 Rb6 69. Ke8 Rb7 70. Kd8 Kxh6 71. Kc8 Re7 72. Kd8 Kg7 73. Kc8 Kf6 74. Kb8 Ke6 75. Ka8 Kd6 76. Kb8 Rc7 77. Ka8 Kc6 78. Kb8 Kb6 0-1

[Event "JAM-ch 49th"]
[Site "Kingston"]
[Date "2017.01.08"]
[Round "2"]
[White "Merritt, Kevin"]
[Black "James, Stuart"]
[Result "1/2-1/2"]
[WhiteElo "2014"]
[BlackElo "2004"]
[PlyCount "62"]
[EventDate "2017.01.07"]
[EventType "tourn"]
[EventRounds "11"]
[EventCountry "JAM"]
[SourceTitle "EXT 2020"]
[Source "ChessBase"]
[SourceDate "2019.10.17"]
[SourceVersion "1"]
[SourceVersionDate "2019.10.17"]
[SourceQuality "1"]

1. e4 e5 2. Nf3 Nc6 3. Bc4 Nf6 4. d4 exd4 5. 0-0 Nxe4 6. Re1 d5 7. Bb5 Bd6 8. Bg5 f6 9. Nxd4 0-0 10. Nxc6 bxc6 11. Bxc6 Bxh2+ 12. Kxh2 Qd6+ 13. Kg1 Qxc6 14. Bf4 Bb7 15. Nd2 Rfe8 16. Nb3 Rad8 17. c3 Ba8 18. Qd4 Qb6 19. Qxb6 cxb6 20. Nd4 Nc5 21. Red1 Ne6 22. Be3 Nxd4 23. Rxd4 Re4 24. Rad1 Rxd4 25. Rxd4 Rd7 26. a4 Bc6 27. Kf1 Re7 28. Ke2 Re4 29. b3 Rxd4 30. Bxd4 Kf7 31. g3 Ke6 1/2-1/2

[Event "Kingston Wheeler op"]
[Site "Kingston"]
[Date "2013.05.25"]
[Round "1"]
[White "Issa, Elias"]
[Black "Merritt, Kevin"]
[Result "1/2-1/2"]
[WhiteElo "1573"]
[BlackElo "1905"]
[PlyCount "75"]
[EventDate "2013.05.25"]
[EventType "swiss"]
[EventRounds "5"]
[EventCountry "JAM"]
[SourceTitle "EXT 2015"]
[Source "ChessBase"]
[SourceDate "2014.11.20"]
[SourceVersion "1"]
[SourceVersionDate "2014.11.20"]
[SourceQuality "1"]

1. e4 c5 2. Nf3 d6 3. d4 cxd4 4. Nxd4 Nf6 5. Nc3 a6 6. Be3 e6 7. Be2 Qc7 8. 0-0 b5 9. a3 Bb7 10. Bd3 Be7 11. f4 0-0 12. Qf3 Nbd7 13. Qh3 Rac8 14. Rf3 Nc5 15. e5 Nxd3 16. exf6 Bxf6 17. cxd3 Bxf3 18. Qxf3 g6 19. Rc1 Qd7 20. Rd1 d5 21. Nde2 Bg7 22. Bb6 Rc6 23. Qf2 Qb7 24. Bc5 Rfc8 25. b4 Bf8 26. Bxf8 Kxf8 27. Qd4 Kg8 28. Rc1 Qc7 29. g3 Qe7 30. Kg2 Qc7 31. Qe3 Qb7 32. Kf2 Qd7 33. Qd4 Qc7 34. Qe3 Qd8 35. d4 Kg7 36. Qe5+ f6 37. Qe3 Qd7 38. Kg2 1/2-1/2